Gramática histórica de la lengua castellana / (Record no. 78219)

MARC details
000 -LEADER
campo de control de longitud fija 00678nam a2200205 i 4500
001 - NÚMERO DE CONTROL
campo de control 78219
003 - IDENTIFICADOR DE NÚMERO DE CONTROL
campo de control ES-MaACL
005 - FECHA Y HORA DE LA ÚLTIMA TRANSACCIÓN
campo de control 20250817211444.0
007 - CAMPO FIJO DE DESCRIPCIÓN FÍSICA--INFORMACIÓN GENERAL
campo de control de longitud fija t|
008 - DATOS DE LONGITUD FIJA--INFORMACIÓN GENERAL
campo de control de longitud fija 041013s1945 ag ||||1| spa d
100 1# - ENTRADA PRINCIPAL--NOMBRE DE PERSONA
Nombre de persona Hanssen, Friedrich.
9 (RLIN) 61781
245 10 - MENCIÓN DEL TÍTULO
Título Gramática histórica de la lengua castellana /
Mención de responsabilidad, etc. Friedrich Hanssen ; prólogo de Luis Alfonso.
260 ## - PUBLICACIÓN, DISTRIBUCIÓN, ETC.
Lugar de publicación, distribución, etc. Buenos Aires :
Nombre del editor, distribuidor, etc. El Ateneo,
Fecha de publicación, distribución, etc. 1945 (
Fabricante Coni)
300 ## - DESCRIPCIÓN FÍSICA
Extensión XXIV, 368 p. ;
Dimensiones 25 cm.
650 #4 - PUNTO DE ACCESO ADICIONAL DE MATERIA--TÉRMINO DE MATERIA
Término de materia o nombre geográfico como elemento de entrada Lengua española-
Subdivisión general Gramática histórica.
9 (RLIN) 14164
700 1# - ENTRADA AGREGADA--NOMBRE PERSONAL
Nombre de persona Alfonso, Luis,
Fechas asociadas al nombre 1845-1892
9 (RLIN) 19853
852 ## - LOCALIZACIÓN
Ubicación ES-MaACL
Número de control de estantería E-1737
Sublocalización o colección R.22521
852 ## - LOCALIZACIÓN
Ubicación ES-MaACL
Número de control de estantería C-4206
Sublocalización o colección R.23892
Holdings
Estatus retirado Estado de pérdida Estado de daño No para préstamo Biblioteca de origen Biblioteca actual Ubicación en estantería Fecha de adquisición Fuente de adquisición Total de préstamos Signatura topográfica completa Código de barras Visto por última vez Precio de reemplazo Tipo de ítem Koha
        Biblioteca del Ateneo de Madrid Biblioteca del Ateneo de Madrid Sala Palomar 17/01/2008     C-4206 1081824 23/02/2023 23/02/2023 Libro impreso
        Biblioteca del Ateneo de Madrid Biblioteca del Ateneo de Madrid Depósito 2 17/01/2008     E-1737 1081823 23/02/2023 23/02/2023 Libro impreso